| 000 | 00749nam a22002417a 4500 | ||
|---|---|---|---|
| 005 | 20170124110027.0 | ||
| 010 | _aB-163653 | ||
| 020 |
_c00.00 _a8125912886 |
||
| 035 | _aB-163653 | ||
| 037 | _bCen Lib/Ret | ||
| 040 |
_aDPL _bEN |
||
| 082 |
_a510.2454 _bRAM |
||
| 100 |
_aRaman, K.V. _920871 |
||
| 245 |
_aMathematics in chemistry / _cby K.V. Raman [and] Sourav Pal |
||
| 260 |
_aNew Delhi _bVikash Publishing House Pvt. Ltd _c2004 |
||
| 270 |
_a5, Ansari Road _bNew Delhi _e110002 |
||
| 300 |
_a454p. : _c24cm(Hb) _bill. |
||
| 500 | _aIncludes bibliographical references. | ||
| 650 |
_aMathematics _98937 |
||
| 650 |
_aChemistry--Mathematics _920872 |
||
| 700 |
_aPal, Sourav _920873 |
||
| 942 |
_2ddc _cEN _h510.2454 _mRAM |
||
| 999 |
_c127569 _d127569 |
||